Boulay-Moselle - Choix multiples - Statistiques

Statistiques générales
  • Ce quiz a été pris 42 fois
  • Le résultat moyen est 6 sur 10
Statistiques - réponses
Question Réponse % Correct
Duquel de ces dialectes de Moselle Boulay-Moselle est la ville représentative ? Francique mosellan
76%
Quelle handballeuse championne du monde en 2003, encore aujourd'hui la plus titrée en championnat national ainsi que la plus sélectionnée en équipe de France, est née et a grandi à Boulay-Moselle ? Isabelle Wendling
62%
Quelle sucrerie est la spécialité gastronomique de Boulay-Moselle ? Le macaron
62%
Dans la manufacture duquel de ces objets Boulay-Moselle a été spécialisée par le passé, la ville en possédant encore un datant de 1727 ? Orgue
62%
Laquelle de ces fonctionnalités Boulay-Moselle est la première à tester en France en 2019 ? Un péage autoroutier sans barrière
59%
Avec quelle sous-préfecture de la Moselle celle de Boulay-Moselle est fusionnée en 2014 ? Forbach
57%
Comment nomme-t-on les habitants de Boulay-Moselle ? Les boulageois
49%
Laquelle de ces personnalités a vécu à Boulay-Moselle ? Robert Schuman
49%
De même, comment se nomme la région mosellane représentée par Boulay-Moselle ? Pays de Nied
46%
Laquelle de ces photographies a été prise à Boulay-Moselle ?
38%
Aucun quiz correspondant
Distribution des résultats
% des personnes avec chaque résultat
Percentile par nombre de réponses
Votre historique - résultats
Vous n’avez pas pris ce quiz